000 00476 a2200181 4500
001 79297
020 _a9788131718674
082 _a517 THO
090 _c39590
_d39590
100 _aThomas Finney : Maurice D Weir : Joel : Frank R Giordano
245 _aCalculus 11th/Ed
_cFinney Thomas
_hEnglish
250 _a11 th
260 _aNew Delhi
_bPearson
_c2005
300 _axvi 1350 p
500 _aDOS BS Textbooks
505 _aGifted Books
600 _aMathematics
942 _aNUST-CAE
_k517 THO
_cBS
999 _c314370
_d314370